Auditing principles : a systems-based approach

Αποθηκεύτηκε σε:
Λεπτομέρειες βιβλιογραφικής εγγραφής
Κύριος συγγραφέας: Stettler, Howard F.
Μορφή: Βιβλίο
Γλώσσα:English
Δημοσίευση: Englewood Cliffs, N.J. : Prentice-Hall, c1982
Έκδοση:5th ed.
Σειρά:Prentice-Hall series in accounting
Θέματα:
Ετικέτες: Προσθήκη ετικέτας
Δεν υπάρχουν, Καταχωρήστε ετικέτα πρώτοι!

MARC

LEADER 00000cam a2200000 i 4500
001 1/47848
008 950707s1982 eng d
020 |a 0130517224 
035 |l 10026570 
040 |a GR-MY-UA  |b gre  |e aacr 
041 0 |a eng 
082 0 |a 657/.45  |2 (19) 
100 1 |a Stettler, Howard F. 
245 1 0 |a Auditing principles :  |b a systems-based approach /  |c Howard F. Stettler 
250 |a 5th ed. 
260 |a Englewood Cliffs, N.J. :   |b Prentice-Hall,   |c c1982 
300 |a xvii, 682 σ.;  |b εικ.;  |c 24 εκ. 
490 1 |a Prentice-Hall series in accounting 
504 |a Περιλαμβάνει ευρετήριο 
650 0 0 |a Auditing. 
830 0 |a Prentice-Hall series in accounting 
852 |a INST  |b CHIOS  |e 19950707  |h 657.45 STE  |p 005200001424  |q 005200001424  |t BK  |y 0 
852 |a INST  |b CHIOS  |e 19950804  |h 657.45 STE  |p 005200003425  |q 005200003425  |t BK  |y 0 
909 |a Χ  |b 000002 
909 |a Χ  |b 031129